| 000 | 00772nam a2200253Ia 4500 | ||
|---|---|---|---|
| 001 | Z_3067 | ||
| 003 | CHAP | ||
| 008 | 220113s1999 xx 000 0 und d | ||
| 010 | _a166154 | ||
| 040 | _cCHAP | ||
| 090 | _aTesis G 1455 | ||
| 100 |
_aGarcía Velasco, Elodia _946711 |
||
| 245 |
_aLa participación social de las mujeres Nahuas, Tepehuas, Otomíes y Meztizas de la Huasteca Varacruzana / _cpor Elodia García Velasco |
||
| 260 |
_aChapingo, Méx. : _bEl autor, _c1999 |
||
| 300 | _a166 h. : gráfs. | ||
| 502 | _aTesis (Ing. Agr. Esp. en Zootecnia) -- UACH. Departamento de Zootecnia | ||
| 650 |
_aMujer _xSituación social _xVeracruz _9140227 |
||
| 901 | _aTESIS G 1455 | ||
| 902 | _aM | ||
| 910 | _a1999 | ||
| 942 | _c2 | ||
| 942 | _c2 | ||
| 999 |
_c166154 _d166154 |
||